[Event "Elit(Burgsvik-Limhamn)"]
[Site "?"]
[Date "2013.11.22"]
[Round "1"]
[White "Jepson, Christian"]
[Black "Fries Nielsen, Niels J"]
[Result "1/2-1/2"]
[WhiteElo "2463"]
[BlackElo "2417"]
[PlyCount "77"]
[SourceDate "2013.12.03"]

1. e4 d6 2. d4 Nf6 3. Nc3 a6 4. f4 b5 5. e5 b4 6. Qf3 Ra7 7. exf6 bxc3 8. fxg7
Bxg7 9. bxc3 c5 10. Qd3 Nc6 11. Ne2 O-O 12. Be3 cxd4 13. Nxd4 Rc7 14. Be2 e5
15. Nxc6 Rxc6 16. O-O e4 17. Qxe4 Qe8 18. Bd3 Qxe4 19. Bxe4 Rxc3 20. Bd3 Rxd3
21. cxd3 Bxa1 22. Rxa1 Bf5 23. Rb1 Bxd3 24. Rd1 Be4 25. Rxd6 Rc8 26. g4 Kf8 27.
Bd2 Rc6 28. Rd4 f5 29. g5 Kf7 30. Bb4 Rc2 31. Rd2 Rxd2 32. Bxd2 Kg6 33. Kf2 h6
34. h4 h5 35. Ke3 Bd5 36. a3 Bc4 37. Kd4 Bf1 38. a4 Be2 39. a5 1/2-1/2

[Event "Elit(Burgsvik-Limhamn)"]
[Site "?"]
[Date "2013.11.22"]
[Round "1"]
[White "Fries Nielsen, Jens Ove"]
[Black "Brynell, Stellan"]
[Result "1-0"]
[WhiteElo "2455"]
[BlackElo "2569"]
[PlyCount "79"]

1. a3 d5 2. e3 Nf6 3. b4 g6 4. Bb2 Bg7 5. c4 c6 6. Nf3 O-O 7. Be2 Bg4 8. c5
Nbd7 9. d3 Qc7 10. Nbd2 e5 11. h3 Bxf3 12. Bxf3 Rfe8 13. e4 Nf8 14. g3 Rad8 15.
Qc2 Ne6 16. O-O h5 17. exd5 cxd5 18. Bg2 e4 19. dxe4 dxe4 20. Bxf6 Bxf6 21.
Rae1 Nd4 22. Qc4 Nf3+ 23. Nxf3 exf3 24. Rxe8+ Rxe8 25. Bxf3 h4 26. Qf4 Qxf4 27.
gxf4 Re7 28. Rd1 Rc7 29. Rd5 Bb2 30. Rd3 Kg7 31. a4 a5 32. b5 Rxc5 33. Bxb7 Rc4
34. Bd5 Rxa4 35. b6 Rb4 36. b7 a4 37. Re3 Bd4 38. Re8 Rb1+ 39. Kg2 Rb2 40. b8=Q
1-0

[Event "Elit(Burgsvik-Limhamn)"]
[Site "?"]
[Date "2013.11.22"]
[Round "1"]
[White "Krupenski, Juri"]
[Black "Johansson, Linus"]
[Result "0-1"]
[WhiteElo "2328"]
[BlackElo "2403"]
[PlyCount "88"]

1. d4 Nf6 2. c4 e6 3. Nf3 b6 4. Nc3 Bb4 5. Qb3 c5 6. a3 Bxc3+ 7. Qxc3 Ne4 8.
Qc2 Bb7 9. e3 O-O 10. Bd3 f5 11. O-O d6 12. b4 Nd7 13. Bb2 Ng5 14. Nxg5 Qxg5
15. f4 Qg6 16. Rae1 Rac8 17. e4 fxe4 18. Bxe4 Bxe4 19. Qxe4 Qxe4 20. Rxe4 cxb4
21. Rxe6 Rxc4 22. Rxd6 Nf6 23. axb4 Rc2 24. Bc1 Rfc8 25. Be3 Re2 26. Bf2 Rcc2
27. f5 Ne4 28. Rd8+ Kf7 29. Rd7+ Kf6 30. Bh4+ g5 31. fxg6+ Kxg6 32. Kh1 Rxg2
33. Rg1 Rxg1+ 34. Kxg1 a5 35. Rb7 a4 36. Rxb6+ Kh5 37. Be1 a3 38. Ra6 a2 39.
Kf1 Nd2+ 40. Ke2 Nb3+ 41. Kd3 Rc6 42. Rxa2 Nc1+ 43. Ke4 Nxa2 44. Kd5 Rc1 0-1

[Event "Elit(Burgsvik-Limhamn)"]
[Site "?"]
[Date "2013.11.22"]
[Round "1"]
[White "Penalver, Osmani"]
[Black "Larsson, Victor"]
[Result "1/2-1/2"]
[WhiteElo "2308"]
[BlackElo "2239"]
[PlyCount "51"]

1. d4 d5 2. c4 e6 3. Nc3 Be7 4. Nf3 Nf6 5. Bg5 O-O 6. e3 h6 7. Bh4 b6 8. cxd5
Nxd5 9. Bxe7 Qxe7 10. Nxd5 exd5 11. Bd3 Be6 12. Rc1 Rc8 13. O-O c5 14. Ne5 Nd7
15. Qh5 cxd4 16. exd4 Nxe5 17. dxe5 Qg5 18. Rxc8+ Rxc8 19. Qe2 Rc1 20. f3 g6
21. Rxc1 Qxc1+ 22. Kf2 Kg7 23. b3 h5 24. Qe3 Qb2+ 25. Qe2 Qc1 26. Qe3 1/2-1/2

[Event "Elit(Burgsvik-Limhamn)"]
[Site "?"]
[Date "2013.11.22"]
[Round "1"]
[White "Andersson, Bjorn"]
[Black "Lindgren, Philip"]
[Result "0-1"]
[WhiteElo "2304"]
[BlackElo "2393"]
[PlyCount "116"]

1. e4 c6 2. d4 d5 3. e5 Bf5 4. Nc3 e6 5. g4 Bg6 6. Nge2 c5 7. h4 h5 8. Nf4 Bh7
9. Nxh5 Nc6 10. Nb5 a6 11. Nd6+ Bxd6 12. exd6 Nxd4 13. Bd3 Bxd3 14. Qxd3 g6 15.
c3 gxh5 16. cxd4 c4 17. Qg3 hxg4 18. Bf4 Nf6 19. O-O-O Rg8 20. Be5 Ne4 21. Qf4
f6 22. Qh6 Kd7 23. Bg3 Qf8 24. Qh7+ Qg7 25. Qxg7+ Rxg7 26. Rh2 Nxd6 27. h5 Rh7
28. Bf4 Rg8 29. Kc2 Nf5 30. Kc3 g3 31. fxg3 Nxg3 32. h6 Rg4 33. Bc1 Ke7 34. b3
Ne4+ 35. Kb4 c3 36. Ka5 Kf7 37. Ba3 f5 38. Kb6 Kg8 39. Bb4 Rg6 40. Ka7 Rf7 41.
Rd3 Kh7 42. Kb6 f4 43. Bxc3 f3 44. Be1 f2 45. Bxf2 Nxf2 46. Rc3 e5+ 47. Ka5 e4
48. Rh5 Ng4 49. Rxd5 e3 50. Rc1 e2 51. Re1 Re6 52. Rg5 Rf1 53. Rxe2 Rxe2 54. a4
Nxh6 55. b4 Rf5+ 56. Rxf5 Nxf5 57. Kb6 Nxd4 58. Kxb7 Re6 0-1

[Event "Elit(Burgsvik-Limhamn)"]
[Site "?"]
[Date "2013.11.22"]
[Round "1"]
[White "Holst, Conny"]
[Black "Linusson, Pelle"]
[Result "0-1"]
[WhiteElo "2250"]
[BlackElo "2198"]
[PlyCount "80"]

1. d4 Nf6 2. c4 g6 3. Nc3 d5 4. cxd5 Nxd5 5. Bd2 Bg7 6. e4 Nxc3 7. Bxc3 O-O 8.
Bc4 c5 9. d5 Bxc3+ 10. bxc3 Qd6 11. Nf3 Bg4 12. O-O Nd7 13. Be2 Rad8 14. e5 Qc7
15. d6 exd6 16. exd6 Qb8 17. Qd2 Bxf3 18. gxf3 Nb6 19. Rfd1 Rfe8 20. Bb5 Re6
21. Qg5 Rexd6 22. Re1 Rd5 23. Qh4 Rh5 24. Qg3 Qxg3+ 25. hxg3 c4 26. Rab1 Rc5
27. a4 Rd3 28. Re8+ Kg7 29. Rb8 Rc7 30. a5 Nd5 31. Bxc4 Rxc4 32. R1xb7 a6 33.
Rd8 Rd1+ 34. Kh2 Nxc3 35. Rxd1 Nxd1 36. Rb6 Nxf2 37. Rxa6 Nd3 38. f4 Ra4 39.
Ra8 Nb4 40. Kg2 Nc6 0-1

[Event "Elit(Burgsvik-Limhamn)"]
[Site "?"]
[Date "2013.11.22"]
[Round "1"]
[White "Akerman, Axel"]
[Black "Mansson, Lars"]
[Result "0-1"]
[WhiteElo "2150"]
[BlackElo "2267"]
[PlyCount "116"]

1. e4 c6 2. d4 d5 3. e5 Bf5 4. Nf3 e6 5. Be2 Nd7 6. O-O Ne7 7. Nbd2 h5 8. c4
Ng6 9. Nb3 dxc4 10. Bxc4 Be7 11. Be3 Nb6 12. Bd3 Bxd3 13. Qxd3 h4 14. h3 Nd5
15. Rad1 Rh5 16. Nfd2 Ngf4 17. Bxf4 Nxf4 18. Qf3 Rf5 19. Ne4 Kf8 20. Qg4 Qd5
21. Rfe1 a5 22. g3 Ng6 23. Re3 b6 24. Qe2 a4 25. Nc1 hxg3 26. fxg3 Rd8 27. Nc3
Qa5 28. Re4 b5 29. g4 Rf4 30. Rxf4 Nxf4 31. Qf3 g5 32. h4 Qa7 33. Qe4 Kg7 34.
h5 a3 35. b3 Bb4 36. N1e2 Bxc3 37. Nxc3 b4 38. Na4 Rxd4 39. Rxd4 Qxd4+ 40. Qxd4
Ne2+ 41. Kf2 Nxd4 42. Nc5 Nb5 43. Nd3 c5 44. Nxc5 Nc3 45. Nd3 Nxa2 46. Ke3 Nc3
47. Ne1 f6 48. exf6+ Kxf6 49. Nc2 Nd5+ 50. Ke4 Kf7 51. Ke5 a2 52. Kd4 Nf6 53.
Kc4 Nxg4 54. Kxb4 Ne3 55. Nxe3 a1=Q 56. Nc4 g4 57. Kc5 g3 58. Nd6+ Kg8 0-1

[Event "Elit(Rockaden,Sthlm-Farsta)"]
[Site "?"]
[Date "2013.11.22"]
[Round "1"]
[White "Sammalvuo, Tapani"]
[Black "Nielsen, Peter Heine"]
[Result "0-1"]
[WhiteElo "2534"]
[BlackElo "2699"]
[PlyCount "94"]
[EventDate "2013.??.??"]

1. Nf3 g6 2. c4 Bg7 3. Nc3 c5 4. g3 Nc6 5. Bg2 d6 6. O-O Bf5 7. d3 Qd7 8. Re1
Nf6 9. d4 cxd4 10. Nxd4 Bh3 11. Bh1 h5 12. Nxc6 bxc6 13. e4 Ng4 14. f4 Qc7 15.
Na4 c5 16. e5 Rd8 17. Nc3 O-O 18. Nd5 Qd7 19. Bg2 Bxg2 20. Kxg2 e6 21. Ne3 Qb7+
22. Qf3 Nxe3+ 23. Bxe3 Qxb2+ 24. Qf2 Qb7+ 25. Kg1 dxe5 26. fxe5 Bxe5 27. Rab1
Qc6 28. Bxc5 Bc3 29. Red1 Qa4 30. Rxd8 Rxd8 31. Qf4 Bg7 32. Rf1 f5 33. Qg5 Rd1
34. Qxg6 Rxf1+ 35. Kxf1 Qxc4+ 36. Kg2 Qxc5 37. Qxe6+ Kh7 38. Kh3 Qe5 39. Qf7
Kh6 40. Qxa7 Qe6 41. Qf2 Qe4 42. Qd2+ Kh7 43. Qd7 Qg4+ 44. Kg2 Qe2+ 45. Kh3 Kg6
46. Qc6+ Bf6 47. a4 Qg4+ 0-1

[Event "Elit(Rockaden,Sthlm-Farsta)"]
[Site "?"]
[Date "2013.11.22"]
[Round "1"]
[White "Blomqvist, Erik"]
[Black "Nikcevic, Nebojsa"]
[Result "1-0"]
[WhiteElo "2582"]
[BlackElo "2499"]
[PlyCount "173"]

1. c4 c5 2. Nf3 Nc6 3. Nc3 g6 4. e3 Bg7 5. d4 d6 6. d5 Na5 7. Bd3 Nf6 8. h3 O-O
9. O-O e5 10. e4 Ne8 11. a3 b6 12. b4 Nb7 13. Rb1 f5 14. Bc2 f4 15. Ba4 Qe7 16.
Bc6 Rb8 17. Nb5 Nd8 18. bxc5 bxc5 19. Bd2 Nf6 20. Nc3 Rxb1 21. Qxb1 Nf7 22. Qd3
g5 23. Nh2 h5 24. f3 g4 25. fxg4 hxg4 26. hxg4 Nxg4 27. Nxg4 Bxg4 28. Nd1 Qh4
29. Nf2 Bc8 30. Nh3 Nh6 31. Ba4 Rf6 32. Be1 Qh5 33. Bd1 Bg4 34. Bf3 Rg6 35. Kf2
Bxf3 36. Qxf3 Qh4+ 37. Kg1 Qe7 38. Qh5 Rg4 39. Rf3 Qf7 40. Qxf7+ Nxf7 41. Kf1
Bf6 42. Rb3 Rg7 43. Rb8+ Kh7 44. a4 Nh6 45. Nf2 Rg3 46. a5 Ra3 47. Rb7+ Kg6 48.
Rxa7 Bh4 49. a6 Bxf2 50. Bxf2 Ng4 51. Ra8 Ra1+ 52. Be1 Nf6 53. a7 Kg7 54. Ke2
Nxe4 55. Bh4 Ra2+ 56. Kd3 Nd2 57. Bf6+ Kf7 58. Rh8 e4+ 59. Kc3 Rxa7 60. Rh7+
Kxf6 61. Rxa7 Nf1 62. Rd7 Ke5 63. Re7+ Kf5 64. g4+ fxg3 65. Rf7+ Kg4 66. Rxf1
g2 67. Rf6 Kg5 68. Rf8 Kh4 69. Rg8 Kh3 70. Kd2 Kh2 71. Ke3 g1=Q+ 72. Rxg1 Kxg1
73. Kxe4 Kf2 74. Kf5 Ke3 75. Ke6 Kd4 76. Kxd6 Kxc4 77. Kc6 Kb4 78. d6 c4 79. d7
c3 80. d8=Q Kb3 81. Qb6+ Ka2 82. Qa5+ Kb3 83. Qa1 Kc2 84. Kc5 Kd2 85. Kd4 c2
86. Qb2 Kd1 87. Kd3 1-0

[Event "Elit(Rockaden,Sthlm-Farsta)"]
[Site "?"]
[Date "2013.11.22"]
[Round "1"]
[White "Ernst, Thomas"]
[Black "Barkhagen, Jonas"]
[Result "1/2-1/2"]
[WhiteElo "2382"]
[BlackElo "2490"]
[PlyCount "76"]

1. e4 e6 2. d4 d5 3. Nc3 dxe4 4. Nxe4 Bd7 5. Nf3 Bc6 6. Bd3 Nd7 7. O-O Ngf6 8.
Ng3 Be7 9. Qe2 Bxf3 10. Qxf3 c6 11. b3 Qa5 12. a3 O-O 13. Bb2 Rfd8 14. Rfe1 Bf8
15. Ne2 Qh5 16. Qxh5 Nxh5 17. Rad1 g6 18. Be4 Nhf6 19. Bf3 a5 20. c4 a4 21. b4
Bg7 22. Nc3 Ne8 23. d5 exd5 24. cxd5 cxd5 25. Bxd5 Nd6 26. Ne4 Bxb2 27. Nxd6
Nf6 28. Bxb7 Rab8 29. Nc4 Rxd1 30. Rxd1 Bxa3 31. Nxa3 Rxb7 32. b5 Rc7 33. b6
Rb7 34. Nc4 Nd7 35. Kf1 Nxb6 36. Rb1 a3 37. Nxa3 Ra7 38. Rxb6 Rxa3 1/2-1/2

[Event "Elit(Rockaden,Sthlm-Farsta)"]
[Site "?"]
[Date "2013.11.22"]
[Round "1"]
[White "Hedman, Erik"]
[Black "Degerman, Lars"]
[Result "1/2-1/2"]
[WhiteElo "2444"]
[BlackElo "2445"]
[PlyCount "53"]
[EventDate "2013.??.??"]

1. d4 d5 2. Nf3 Nf6 3. c4 dxc4 4. e3 e6 5. Bxc4 c5 6. O-O a6 7. Bd3 cxd4 8.
exd4 Be7 9. Nc3 O-O 10. Bg5 b5 11. Rc1 Bb7 12. a3 Nbd7 13. Bb1 Re8 14. Qd3 Nf8
15. Rfd1 Nd5 16. Bxe7 Qxe7 17. Nxd5 Bxd5 18. Qe3 Rac8 19. Be4 Qb7 20. Bxd5 Qxd5
21. Rxc8 Rxc8 22. Rc1 Rc4 23. h3 Nd7 24. Rxc4 Qxc4 25. Ne5 Qc7 26. Nxd7 Qxd7
27. Qc3 1/2-1/2

[Event "Elit(Rockaden,Sthlm-Farsta)"]
[Site "?"]
[Date "2013.11.22"]
[Round "1"]
[White "Livner, Anders"]
[Black "Hermansson, Emil"]
[Result "0-1"]
[WhiteElo "2402"]
[BlackElo "2472"]
[PlyCount "74"]

1. d4 Nf6 2. c4 g6 3. g3 c6 4. Bg2 d5 5. Nf3 Bg7 6. cxd5 cxd5 7. Ne5 O-O 8. Nc3
e6 9. O-O Nfd7 10. f4 Nc6 11. Kh1 f6 12. Nf3 f5 13. b3 Nf6 14. Ne5 Ne4 15. Nxe4
dxe4 16. Ba3 Re8 17. Nxc6 bxc6 18. Bc5 a5 19. a4 Rb8 20. Rb1 Qd5 21. Qd2 e5 22.
fxe5 Bxe5 23. Qxa5 Bxd4 24. b4 Be5 25. Rbd1 Qc4 26. e3 Be6 27. Ba7 Ra8 28. Qxe5
Rxa7 29. Rd4 Qb3 30. Rfd1 Rxa4 31. Bf1 Raa8 32. Qf4 Bf7 33. Qh6 Qb2 34. Rd7 Qb3
35. R7d4 Rab8 36. b5 cxb5 37. Rd7 Rb7 0-1

[Event "Elit(Rockaden,Sthlm-Farsta)"]
[Site "?"]
[Date "2013.11.22"]
[Round "1"]
[White "Engqvist, Thomas"]
[Black "Ong, Kezli"]
[Result "1/2-1/2"]
[WhiteElo "2424"]
[BlackElo "2304"]
[PlyCount "99"]

1. e4 e5 2. Nf3 Nc6 3. Bb5 a6 4. Ba4 Nf6 5. O-O Be7 6. Bxc6 dxc6 7. Qe1 Nd7 8.
b3 O-O 9. Bb2 f6 10. d4 Bd6 11. Nbd2 Re8 12. dxe5 Nxe5 13. Nxe5 Bxe5 14. Bxe5
fxe5 15. Nc4 Qg5 16. Qc3 Bg4 17. Qg3 Qf4 18. Qxf4 exf4 19. f3 Bd7 20. Rad1 Rad8
21. Na5 Bc8 22. g3 fxg3 23. hxg3 g5 24. Kf2 Kg7 25. Ke3 h5 26. Rxd8 Rxd8 27.
Rh1 Rh8 28. f4 Kf6 29. Nc4 Be6 30. Ne5 c5 31. Nf3 gxf4+ 32. gxf4 Bf7 33. Rg1 h4
34. e5+ Ke7 35. f5 h3 36. c4 Be8 37. Rg7+ Kf8 38. f6 Bf7 39. Rg1 b5 40. Ng5
bxc4 41. e6 Bxe6 42. Nxe6+ Kf7 43. Nxc5 h2 44. Rh1 cxb3 45. Nxb3 Rh3+ 46. Kf4
Kxf6 47. Nd4 Ke7 48. Kg4 Ra3 49. Nf3 Rxa2 50. Nxh2 1/2-1/2

[Event "Elit(Rockaden,Sthlm-Farsta)"]
[Site "?"]
[Date "2013.11.22"]
[Round "1"]
[White "Kenneskog, Theodor"]
[Black "Lissang, Christopher"]
[Result "1/2-1/2"]
[WhiteElo "2355"]
[BlackElo "2272"]
[PlyCount "68"]

1. d4 Nf6 2. c4 e6 3. Nc3 Bb4 4. e3 c5 5. Nge2 d5 6. a3 Bxc3+ 7. Nxc3 cxd4 8.
exd4 dxc4 9. Bxc4 Nc6 10. Be3 O-O 11. O-O b6 12. Rc1 Bb7 13. Ba2 h6 14. Qf3 Qd7
15. d5 Nxd5 16. Nxd5 exd5 17. Qxd5 Rad8 18. Qh5 Qd6 19. Rfd1 Qf6 20. Bd5 Rd7
21. Be4 Rfd8 22. Rxd7 Rxd7 23. Qf5 Qxf5 24. Bxf5 Rd8 25. Bg4 Ne5 26. Be2 Rd7
27. b4 Nd3 28. Rc3 Be4 29. f3 Bg6 30. Bxd3 Rxd3 31. Rxd3 Bxd3 32. a4 Bc2 33. a5
bxa5 34. bxa5 a6 1/2-1/2

[Event "Elit(LASK-Vasteras)"]
[Site "?"]
[Date "2013.11.22"]
[Round "1"]
[White "Akesson, Ralf"]
[Black "Hillarp Persson, Tiger"]
[Result "1/2-1/2"]
[WhiteElo "2489"]
[BlackElo "2624"]
[PlyCount "81"]
[SourceDate "2013.12.03"]

1. d4 Nf6 2. c4 e6 3. Nf3 d5 4. g3 c6 5. Bg2 Bd6 6. O-O Nbd7 7. b3 O-O 8. Nbd2
e5 9. dxe5 Nxe5 10. cxd5 cxd5 11. Bb2 Qe7 12. Nxe5 Bxe5 13. Bxe5 Qxe5 14. Nf3
Qe7 15. Rc1 Bd7 16. Qd2 a5 17. Nd4 Qd6 18. Rfd1 Rfe8 19. Qf4 Qxf4 20. gxf4 Rac8
21. Rxc8 Rxc8 22. f3 Kf8 23. Kf2 Ke7 24. e3 Ne8 25. Bf1 Nd6 26. Bd3 g6 27. h4
Ne8 28. Rg1 Ng7 29. Rg5 f5 30. Rg1 Ne6 31. h5 Nxd4 32. exd4 Kf6 33. hxg6 hxg6
34. Rh1 Be6 35. Ke3 Kg7 36. Kd2 Bd7 37. a3 Rh8 38. Rc1 Rc8 39. Rxc8 Bxc8 40.
Bb5 Kf6 41. Ke3 1/2-1/2

[Event "Elit(LASK-Vasteras)"]
[Site "?"]
[Date "2013.11.22"]
[Round "1"]
[White "Smith, Axel"]
[Black "Sjodahl, Pontus"]
[Result "1/2-1/2"]
[WhiteElo "2501"]
[BlackElo "2478"]
[PlyCount "81"]

1. c4 e6 2. g3 d5 3. Bg2 Nf6 4. Nf3 dxc4 5. Qa4+ c6 6. Qxc4 b5 7. Qb3 Bb7 8.
O-O a6 9. a4 Nbd7 10. d4 c5 11. axb5 Bd5 12. Qc2 Be4 13. Qb3 Bd5 14. Qc2 Be4
15. Qd1 axb5 16. Rxa8 Qxa8 17. Bg5 cxd4 18. Bxf6 Nxf6 19. Qxd4 Be7 20. Nc3 Bc6
21. Nh4 b4 22. Bxc6+ Qxc6 23. Na2 Qb7 24. Nc1 O-O 25. Nd3 Rd8 26. Qe3 h6 27.
Ra1 Ra8 28. Rxa8+ Qxa8 29. Nf3 Qd5 30. Nfe5 Bd6 31. Nf3 Ne4 32. Qd4 Qxd4 33.
Nxd4 Nd2 34. f3 Kf8 35. Kf2 Ke8 36. Nc6 Nc4 37. Ncxb4 Bxb4 38. Nxb4 Nxb2 39. g4
Ke7 40. h4 f5 41. gxf5 1/2-1/2

[Event "Elit(LASK-Vasteras)"]
[Site "?"]
[Date "2013.11.22"]
[Round "1"]
[White "Semcesen, Daniel"]
[Black "Bergstrom, Peter"]
[Result "1/2-1/2"]
[WhiteElo "2547"]
[BlackElo "2340"]
[PlyCount "104"]

1. Nf3 Nf6 2. g3 d5 3. Bg2 c6 4. O-O Bg4 5. d3 Nbd7 6. h3 Bh5 7. Nbd2 e6 8. b3
Bd6 9. Bb2 O-O 10. g4 Bg6 11. e3 Qa5 12. a3 h6 13. Qe2 Qa6 14. Nh4 Bh7 15. f4
Ne4 16. Qe1 Nxd2 17. Qxd2 Be7 18. Nf3 Bf6 19. Bxf6 Nxf6 20. Kh1 Rad8 21. Qf2
Nd7 22. g5 hxg5 23. Nxg5 Bg6 24. h4 Rfe8 25. Rg1 f6 26. Nf3 Kf7 27. Bh3 Bh5 28.
Bg4 Rh8 29. Bxh5+ Rxh5 30. Qg3 Rh7 31. Qg6+ Kg8 32. Rg2 Qb6 33. d4 Qc7 34. Rag1
Qd6 35. a4 Qe7 36. Rh2 Nf8 37. Qg4 Kf7 38. Ne1 Ke8 39. Nd3 Kd7 40. c4 Kc7 41.
c5 Nd7 42. Rgg2 Rdh8 43. Kg1 e5 44. fxe5 fxe5 45. Qg3 Kc8 46. Nxe5 Nxe5 47.
Qxe5 Qxe5 48. dxe5 Rxh4 49. Rxh4 Rxh4 50. Rxg7 Re4 51. Rg8+ Kc7 52. Rg7+ Kc8
1/2-1/2

[Event "Elit(LASK-Vasteras)"]
[Site "?"]
[Date "2013.11.22"]
[Round "1"]
[White "Norberg, Johan"]
[Black "Dragicevic, Drazen"]
[Result "1-0"]
[WhiteElo "2350"]
[BlackElo "2338"]
[PlyCount "83"]

1. e4 c5 2. Nc3 Nc6 3. g3 g6 4. Bg2 Bg7 5. f4 e6 6. d3 Nge7 7. Nf3 O-O 8. O-O
d6 9. Be3 Nd4 10. Qd2 Nec6 11. Nd1 b5 12. Nh4 b4 13. c3 Nb5 14. f5 bxc3 15.
bxc3 Ne5 16. Bh6 f6 17. Bxg7 Kxg7 18. Ne3 Qa5 19. Rac1 Rb8 20. a4 Nd4 21. Qd1
Nb3 22. d4 cxd4 23. cxd4 Nxc1 24. dxe5 Rb1 25. Qc2 Qb6 26. exf6+ Rxf6 27. Kh1
Qxe3 28. Qxb1 Nd3 29. Qc2 Ba6 30. Qc7+ Kh6 31. Qxd6 Nf2+ 32. Rxf2 Qe1+ 33. Bf1
Qxf2 34. Qxa6 exf5 35. Nxf5+ Kg5 36. h4+ Kg4 37. Be2+ Kh3 38. Bf1+ Kg4 39. Qe2+
Qxe2 40. Bxe2+ Kh3 41. Bf1+ Kg4 42. Kg2 1-0

[Event "Elit(LASK-Vasteras)"]
[Site "?"]
[Date "2013.11.22"]
[Round "1"]
[White "Janse, Rasmus"]
[Black "Lin, Michael"]
[Result "1/2-1/2"]
[WhiteElo "2288"]
[BlackElo "2050"]
[PlyCount "149"]

1. d4 Nf6 2. c4 g6 3. Nc3 Bg7 4. e4 d6 5. f4 O-O 6. Nf3 c5 7. dxc5 Qa5 8. Bd3
Qxc5 9. Qe2 Nc6 10. Be3 Qa5 11. Rc1 Bg4 12. O-O Nd7 13. Qf2 Bxf3 14. gxf3 Rfc8
15. Bb1 Rab8 16. Kh1 Qd8 17. Rg1 a6 18. f5 b5 19. cxb5 axb5 20. Nd5 e6 21. Bg5
f6 22. fxe6 fxg5 23. exd7 Qxd7 24. Rxg5 Ne7 25. Rgg1 Nxd5 26. exd5 Rc4 27. b3
Rc3 28. Rxc3 Bxc3 29. Qe3 b4 30. a4 Re8 31. Be4 Qe7 32. Qg5 Qxg5 33. Rxg5 Kf7
34. h4 Re5 35. Rg4 Kf6 36. Rf4+ Kg7 37. Rg4 Rh5 38. Kg2 Be1 39. a5 Re5 40. a6
Kf6 41. a7 Re8 42. Bxg6 hxg6 43. Re4 Ra8 44. Rxe1 Rxa7 45. Re4 Ra5 46. Rxb4
Rxd5 47. Rg4 Rd2+ 48. Kg3 Rb2 49. Rb4 Ke5 50. Rb6 Rb1 51. f4+ Kf5 52. Rb5+ Ke6
53. b4 Rg1+ 54. Kf3 Rf1+ 55. Ke4 Re1+ 56. Kd3 Rd1+ 57. Ke2 Rh1 58. Rg5 Rxh4 59.
Rxg6+ Kf5 60. Rg8 Kxf4 61. Re8 Kf5 62. b5 Rb4 63. Rh8 Ke6 64. Rh5 d5 65. b6 Kd6
66. Rh6+ Kc5 67. Kd3 Rb3+ 68. Kc2 Rxb6 69. Rxb6 Kxb6 70. Kc3 Kc5 71. Kd3 d4 72.
Kd2 Kc4 73. Kc2 Kd5 74. Kd3 Ke5 75. Kd2 1/2-1/2

[Event "Elit(LASK-Vasteras)"]
[Site "?"]
[Date "2013.11.22"]
[Round "1"]
[White "Olsson, Linus"]
[Black "Orndahl, Markus"]
[Result "1-0"]
[WhiteElo "2338"]
[BlackElo "2261"]
[PlyCount "87"]

1. d4 d5 2. c4 c6 3. Nf3 Nf6 4. Nc3 a6 5. c5 Bf5 6. Bf4 h6 7. e3 g5 8. Bg3 Bg7
9. Bd3 Bxd3 10. Qxd3 Nbd7 11. h3 Nh5 12. Bh2 O-O 13. g4 Nhf6 14. h4 gxh4 15. g5
Nh7 16. gxh6 Bf6 17. O-O-O Kh8 18. e4 e6 19. Bf4 Rg8 20. Rdg1 Ndf8 21. Rxg8+
Kxg8 22. Rg1+ Kh8 23. Ne5 Qe8 24. exd5 cxd5 25. Kb1 Rc8 26. Qc2 Nd7 27. Nxd7
Qxd7 28. Be5 Bxe5 29. dxe5 Rg8 30. Rxg8+ Kxg8 31. f4 Nf8 32. Qg2+ Ng6 33. f5
exf5 34. Nxd5 Qe6 35. Nf6+ Kf8 36. Qxb7 Nxe5 37. Qa8+ Ke7 38. Nd5+ Kd7 39. Nb6+
Ke7 40. Nd5+ Kd7 41. Qb7+ Kd8 42. Qb8+ Kd7 43. Nf4 Qf6 44. h7 1-0

[Event "Elit(Team Viking-Orgryte)"]
[Site "?"]
[Date "2013.11.22"]
[Round "1"]
[White "Frisk Kockum, Anton"]
[Black "Berg, Emanuel"]
[Result "1/2-1/2"]
[WhiteElo "2410"]
[BlackElo "2593"]
[PlyCount "120"]

1. d4 Nf6 2. Nf3 e6 3. c4 b6 4. g3 Ba6 5. Qc2 Bb7 6. Bg2 c5 7. d5 exd5 8. cxd5
Bxd5 9. Nc3 Bxf3 10. Bxf3 Nc6 11. Qa4 Rc8 12. Bg5 Be7 13. Rd1 O-O 14. O-O Nd4
15. Rd2 Nxf3+ 16. exf3 d5 17. Bxf6 Bxf6 18. Rxd5 Qe8 19. Qxa7 Bd4 20. Ne4 Ra8
21. Qxb6 Rxa2 22. Rb1 Qa8 23. Rd7 Ra1 24. Rxa1 Qxa1+ 25. Kg2 Qxb2 26. Qxb2 Bxb2
27. Nxc5 g6 28. f4 Re8 29. Kf3 Ba3 30. Nd3 Re7 31. Rd8+ Kg7 32. f5 Rc7 33. h4
Be7 34. Rd5 Bf6 35. Nf4 Re7 36. fxg6 hxg6 37. Kg4 Be5 38. Nd3 Bc3 39. Rc5 Bd4
40. Rc4 Rd7 41. Kf3 Bb6 42. Rc3 Bd4 43. Rb3 Rc7 44. Ke4 Ba7 45. g4 Rc4+ 46. Kf3
Bd4 47. Rb7 Rc3 48. Ke4 Rc4 49. Kd5 Ra4 50. Rb3 Bf6 51. g5 Ba1 52. Nb4 Ra5+ 53.
Ke4 Re5+ 54. Kf3 Rb5 55. Ra3 Bb2 56. Ra4 Rf5+ 57. Ke3 Bc1+ 58. Ke2 Rf4 59. Ra1
Bb2 60. Nd3 Rxf2+ 1/2-1/2

[Event "Elit(Team Viking-Orgryte)"]
[Site "?"]
[Date "2013.11.22"]
[Round "1"]
[White "Tukhaev, Adam"]
[Black "Cramling, Pia"]
[Result "1/2-1/2"]
[WhiteElo "2626"]
[BlackElo "2501"]
[PlyCount "67"]

1. e4 c5 2. Nf3 e6 3. d4 cxd4 4. Nxd4 a6 5. Be2 Nf6 6. Nc3 Bb4 7. O-O d6 8. Qd3
Nbd7 9. Qg3 Bxc3 10. bxc3 Nxe4 11. Qxg7 Qf6 12. Qxf6 Ndxf6 13. Ba3 e5 14. Nb3
Rg8 15. Rfe1 Be6 16. f4 Nxc3 17. Bxd6 Nxe2+ 18. Rxe2 exf4 19. Bxf4 O-O-O 20.
Nc5 Bc4 21. Re7 Nd5 22. Rxf7 Nxf4 23. Rxf4 Rd2 24. Rf2 Rgd8 25. Nd3 Rxf2 26.
Kxf2 Bxd3 27. cxd3 Rxd3 28. Re1 Kd7 29. a4 Rd4 30. a5 Rd5 31. Rb1 Kc7 32. Rc1+
Kd7 33. Rb1 Kc7 34. Rc1+ 1/2-1/2

[Event "Elit(Team Viking-Orgryte)"]
[Site "?"]
[Date "2013.11.22"]
[Round "1"]
[White "Ziegler, Ari"]
[Black "Sagit, Rauan"]
[Result "1/2-1/2"]
[WhiteElo "2364"]
[BlackElo "2415"]
[PlyCount "122"]

1. d4 Nf6 2. c4 c5 3. d5 b5 4. Nf3 b4 5. b3 d6 6. Bb2 Nbd7 7. a3 bxa3 8. Rxa3
a6 9. g3 g6 10. Bg2 Bg7 11. O-O O-O 12. Ne1 Rb8 13. Nd3 Re8 14. Nd2 Nh5 15.
Bxg7 Nxg7 16. Qa1 Nf5 17. e3 Qc7 18. Qc3 e5 19. dxe6 fxe6 20. Rfa1 Rb6 21. h4
Bb7 22. Ne4 Qd8 23. Rd1 Qa8 24. Nf6+ Nxf6 25. Bxb7 Qxb7 26. Qxf6 Rxb3 27. Nxc5
Qf3 28. Rxb3 Qxd1+ 29. Kh2 Nh6 30. Kg2 Ng4 31. Qf3 Qxf3+ 32. Kxf3 Ne5+ 33. Ke4
Nxc4 34. Rc3 Rc8 35. Nxe6 Nd2+ 36. Kd3 Rxc3+ 37. Kxc3 Ne4+ 38. Kd4 Nxf2 39. Nc7
h5 40. Nxa6 Kf7 41. e4 Nh1 42. Kd5 Nxg3 43. Nc7 g5 44. e5 gxh4 45. Ne6 dxe5 46.
Kxe5 Kg6 47. Kf4 Kf6 48. Nc5 Ne2+ 49. Kf3 Nd4+ 50. Kg2 Kf5 51. Kh3 Nf3 52. Nd3
Kg5 53. Nf2 Ng1+ 54. Kg2 Ne2 55. Ne4+ Kf5 56. Nf2 Nf4+ 57. Kh2 Ke5 58. Nh3 Ne6
59. Kg2 Ke4 60. Nf2+ Ke3 61. Nh3 Nf4+ 1/2-1/2

[Event "Elit(Team Viking-Orgryte)"]
[Site "?"]
[Date "2013.11.22"]
[Round "1"]
[White "Westerberg, Jonathan"]
[Black "Fransson, Percy"]
[Result "1-0"]
[WhiteElo "2463"]
[BlackElo "2220"]
[PlyCount "103"]

1. d4 Nf6 2. c4 g6 3. Nc3 Bg7 4. e4 d6 5. f4 O-O 6. Nf3 c5 7. dxc5 Qa5 8. Bd3
Qxc5 9. Qe2 Bg4 10. Be3 Qh5 11. O-O Nc6 12. Rac1 Nd7 13. Qf2 Bxf3 14. gxf3 Qa5
15. Kh1 Nc5 16. Bb1 Rfd8 17. Rfd1 Na4 18. Rd5 Qa6 19. Nxa4 Qxa4 20. b3 Qa3 21.
Rcd1 Qb2 22. R5d2 Qc3 23. h4 Qf6 24. f5 gxf5 25. exf5 Kh8 26. Bg5 Qc3 27. Be4
Re8 28. Bd5 Nd8 29. Re2 e6 30. Re3 Qb2 31. Qxb2 Bxb2 32. Bxd8 Raxd8 33. fxe6
fxe6 34. Rxe6 Rxe6 35. Bxe6 Ba3 36. Bd5 b6 37. Re1 Rd7 38. f4 Kg7 39. Kg2 Kf8
40. Kf3 Re7 41. Be4 a5 42. Rd1 h6 43. Rd5 Kg7 44. Rb5 Bc5 45. a3 Bxa3 46. Rxb6
Bc5 47. Rb8 Rf7 48. Bd5 Re7 49. Kg4 Bb4 50. Kf5 Re1 51. Rb7+ Kh8 52. Kg6 1-0

[Event "Elit(Upsala-Eksjo)"]
[Site "?"]
[Date "2013.11.22"]
[Round "1"]
[White "Carlsson, Pontus"]
[Black "Glimbrant, Torbjorn"]
[Result "1-0"]
[WhiteElo "2593"]
[BlackElo "2336"]
[PlyCount "79"]

1. e4 e6 2. d4 d5 3. Nd2 c5 4. exd5 exd5 5. Bb5+ Nc6 6. Ngf3 Bd6 7. dxc5 Bxc5
8. O-O Nge7 9. Nb3 Bd6 10. Re1 O-O 11. Bd3 h6 12. h3 Nf5 13. c3 Qf6 14. Bc2 Rd8
15. Qd3 g6 16. Qd1 Bf8 17. Bxf5 Bxf5 18. Be3 Be4 19. Nh2 h5 20. Qd2 Be7 21.
Rad1 a5 22. Bb6 Re8 23. Nc5 Bd6 24. Nxe4 Bxh2+ 25. Kxh2 dxe4 26. Kg1 Qe6 27. b3
a4 28. c4 axb3 29. axb3 Ra3 30. Re3 Rea8 31. Qd5 Ra1 32. Rxa1 Rxa1+ 33. Kh2 Qf6
34. Rxe4 Kh7 35. Be3 Ne7 36. Qd4 Qxd4 37. Bxd4 Rd1 38. Rxe7 Rxd4 39. Rxf7+ Kh6
40. Rxb7 1-0